000
00224nam a22000857a 4500
008
170119b xxu||||| |||| 00| 0 eng d
100
_9
2505
_a
Jaisingh.S.etal.
245
_a
Environmental Education-4
260
_a
New Delhi
_b
APC
_c
2010
999
_c
5576
_d
5576